[Event "CRO Ch women"]
[Site "Djurdjevac"]
[Date "2020.09.04"]
[Round "5.5"]
[White "Koksa, Jelena"]
[Black "Dejanovic, Tereza"]
[Result "1-0"]
[WhiteElo "1843"]
[BlackElo "1792"]
[PlyCount "63"]
[EventDate "2020.09.01"]
[EventType "swiss"]
[EventRounds "9"]
[EventCountry "CRO"]
[WhiteClock "1:30:00"]
[BlackClock "1:30:00"]

{[%evp 0,63,37,18,111,44,102,89,89,36,65,91,94,77,96,88,131,93,120,84,113,41,
37,21,32,10,10,25,25,25,125,125,125,125,124,105,127,86,148,85,92,-126,-49,-49,
61,61,148,128,187,135,176,237,436,292,377,322,395,368,416,368,620,386,490,451,
1214,1214]} 1. e4 c5 2. Nf3 d6 3. d4 cxd4 4. Nxd4 Nf6 5. Nc3 a6 6. f3 e6 7. Be3
b5 8. Qd2 Bb7 9. g4 h6 10. h4 Nbd7 11. a3 Qc7 12. Rg1 Ne5 13. g5 hxg5 14. hxg5
Nxf3+ 15. Nxf3 Nxe4 16. Nxe4 Bxe4 17. Bg2 d5 18. O-O-O b4 19. a4 b3 20. Nd4
bxc2 21. Rde1 Bxg2 22. Rxg2 Qd7 23. g6 Qxa4 24. gxf7+ Kd7 25. Nxc2 Qa2 26. Bd4
Rc8 27. Qe3 Rh6 28. Bc3 Rc4 29. Kd2 a5 30. Ra1 Qb3 31. Rxa5 Re4 32. Qa7+ 1-0

[Event "CRO Ch women"]
[Site "Djurdjevac"]
[Date "2020.09.04"]
[Round "5.6"]
[White "Muha, Magdalena"]
[Black "Cvitan, Ena"]
[Result "0-1"]
[WhiteElo "1771"]
[BlackElo "2242"]
[PlyCount "60"]
[EventDate "2020.09.01"]
[EventType "swiss"]
[EventRounds "9"]
[EventCountry "CRO"]
[WhiteClock "1:30:00"]
[BlackClock "1:30:00"]

{[%evp 0,60,37,37,37,-36,-29,-22,30,7,34,18,18,43,37,6,21,-59,-41,-52,-23,-38,
3,-22,17,14,14,21,36,8,18,13,48,7,6,-1,-10,-38,-38,-43,-40,-78,-40,-77,-44,-45,
-6,-43,-50,-50,-47,-91,-125,-125,-147,-164,-164,-202,-202,-352,-336,-474,-471]
} 1. d4 Nf6 2. c4 e6 3. Nf3 a6 4. g3 b5 5. Bg2 bxc4 6. Ne5 d5 7. Nxc4 c5 8.
dxc5 Bxc5 9. Be3 Bxe3 10. Nxe3 O-O 11. O-O Ra7 12. Nd2 Nbd7 13. Rc1 a5 14. Nb3
Ba6 15. Nd4 Qb6 16. b3 Nc5 17. Bf3 Rc8 18. Ng4 Nxg4 19. Bxg4 Rac7 20. Rc2 Qb4
21. Qd2 Qxd2 22. Rxd2 Ne4 23. Rdd1 Nc3 24. Rd2 f5 25. Bh5 e5 26. Nxf5 g6 27.
Nh6+ Kg7 28. Bg4 Rf8 29. Bf3 Kxh6 30. Bxd5 Rd8 0-1

[Event "CRO Ch women"]
[Site "Djurdjevac"]
[Date "2020.09.04"]
[Round "5.7"]
[White "Smetisko, Marija"]
[Black "Purkic, Ruza"]
[Result "0-1"]
[WhiteElo "1924"]
[BlackElo "1474"]
[PlyCount "26"]
[EventDate "2020.09.01"]
[EventType "swiss"]
[EventRounds "9"]
[EventCountry "CRO"]
[WhiteClock "1:30:00"]
[BlackClock "1:30:00"]

{[%evp 0,26,37,23,101,44,136,131,126,112,120,131,93,74,74,31,111,106,129,146,
112,35,35,35,122,95,139,-29999,-30000]} 1. e4 c5 2. Nf3 g6 3. d4 cxd4 4. Nxd4
Bg7 5. Bc4 Nc6 6. Nxc6 bxc6 7. Nc3 Qb6 8. O-O Qb4 9. Qd3 Nf6 10. e5 Ng4 11. Qe4
d5 12. exd6 Qxd6 13. Nb5 Qxh2# 0-1

[Event "CRO Ch women"]
[Site "Djurdjevac"]
[Date "2020.09.04"]
[Round "5.8"]
[White "Trgovac, Mira"]
[Black "Kovac, Petra"]
[Result "1/2-1/2"]
[WhiteElo "1563"]
[BlackElo "1371"]
[PlyCount "106"]
[EventDate "2020.09.01"]
[EventType "swiss"]
[EventRounds "9"]
[EventCountry "CRO"]
[WhiteClock "1:30:00"]
[BlackClock "1:30:00"]

{[%evp 0,106,16,21,40,1,5,41,5,-53,35,4,35,-19,-25,12,-14,-48,-48,-56,-6,-33,
-9,-27,2,-15,21,19,68,47,50,-4,14,3,16,-2,14,-5,29,44,90,30,-3,-47,-31,-47,-67,
-67,-66,-65,-48,-85,111,102,94,116,134,134,147,134,188,121,128,67,67,40,144,91,
91,79,67,43,105,47,61,11,145,109,109,106,129,116,125,102,145,66,97,98,95,95,88,
67,72,72,67,82,82,69,72,73,106,85,76,72,77,76,72,58,56]} 1. d4 d5 2. Bf4 Nf6 3.
e3 Bf5 4. c4 c6 5. Qb3 Qb6 6. c5 Qxb3 7. axb3 Nbd7 8. b4 h6 9. Nc3 e6 10. Be2
Be7 11. h3 O-O 12. Nf3 Rfc8 13. O-O Bd8 14. Ra3 Bc7 15. Rfa1 Bxf4 16. exf4 a6
17. b5 cxb5 18. Nxb5 Ne8 19. Ne5 Nb8 20. b4 f6 21. Nf3 Nc6 22. Ra4 Bc2 23. R4a3
Nxb4 24. Nc3 Be4 25. Rb3 Nc2 26. Rc1 Bxf3 27. Rxc2 Bxe2 28. Rxe2 Rc6 29. Rxb7
Kf8 30. Na4 Nc7 31. Kf1 Nb5 32. Rd2 g5 33. fxg5 hxg5 34. Ke2 Ra7 35. Rxa7 Nxa7
36. Ra2 Nb5 37. Kd3 Rc7 38. Nc3 Nxc3 39. Kxc3 Rc6 40. Rb2 Ke7 41. g3 a5 42. f4
gxf4 43. gxf4 e5 44. fxe5 fxe5 45. dxe5 Rxc5+ 46. Kd4 Rc4+ 47. Kxd5 Rb4 48. Rc2
Rb5+ 49. Ke4 Rb4+ 50. Kf5 Rh4 51. Rc7+ Kd8 52. Rc3 Ke7 53. Re3 a4 1/2-1/2

[Event "CRO Ch women"]
[Site "Djurdjevac"]
[Date "2020.09.05"]
[Round "6.2"]
[White "Medic, Mirjana"]
[Black "Radikovic, Anamarija"]
[Result "1/2-1/2"]
[WhiteElo "2207"]
[BlackElo "1974"]
[PlyCount "69"]
[EventDate "2020.09.01"]
[EventType "swiss"]
[EventRounds "9"]
[EventCountry "CRO"]
[WhiteClock "1:29:00"]
[BlackClock "1:30:00"]

{[%evp 0,69,42,42,44,5,25,17,80,3,59,7,68,28,12,-14,-4,-33,18,18,40,44,44,27,
26,22,29,14,28,-19,87,-62,-64,-85,-94,-38,-22,-48,-27,-27,13,21,21,7,7,21,110,
46,46,14,32,18,30,30,14,-12,41,3,17,15,35,7,4,-2,9,20,18,18,24,11,11,-6]} 1. d4
Nf6 2. Nf3 e6 3. e3 c5 4. b3 b6 5. Bb2 Bb7 6. Bd3 Nc6 7. c4 d5 8. O-O Bd6 9.
Nc3 O-O 10. cxd5 exd5 11. Nb5 Be7 12. Rc1 Nb4 13. dxc5 bxc5 14. Bxf6 Bxf6 15.
Nc3 Qa5 16. Bb1 g6 17. Na4 Rac8 18. a3 Na6 19. Bd3 Bc6 20. Bxa6 Qxa6 21. Nxc5
Qxa3 22. Nd4 Be7 23. Nd3 Qd6 24. Nxc6 Rxc6 25. Rxc6 Qxc6 26. Nf4 Rd8 27. Qd3
Bd6 28. Ne2 Rb8 29. Nd4 Qb6 30. g3 Bc5 31. Rd1 Bxd4 32. Qxd4 Qxd4 33. Rxd4 Rxb3
34. Rxd5 Ra3 35. g4 1/2-1/2

[Event "CRO Ch women"]
[Site "Djurdjevac"]
[Date "2020.09.05"]
[Round "6.3"]
[White "Koksa, Jelena"]
[Black "Saric, Kristina"]
[Result "0-1"]
[WhiteElo "1843"]
[BlackElo "2218"]
[PlyCount "66"]
[EventDate "2020.09.01"]
[EventType "swiss"]
[EventRounds "9"]
[EventCountry "CRO"]
[WhiteClock "1:30:00"]
[BlackClock "1:30:00"]

{[%evp 0,66,8,23,100,79,79,58,68,54,95,53,60,51,57,11,97,51,81,74,68,60,76,31,
75,35,53,49,59,31,36,-4,18,4,33,-29,-33,-33,-33,-42,-42,-42,-58,-74,-108,-351,
-361,-361,-327,-467,-418,-418,-296,-297,-307,-312,-309,-381,-297,-351,-287,
-325,-330,-338,-348,-348,-362,-362,-347]} 1. e4 c5 2. Nf3 e6 3. d4 cxd4 4. Nxd4
a6 5. Bd3 Nf6 6. O-O Qc7 7. Qe2 d6 8. c4 Be7 9. Nc3 Nc6 10. Be3 O-O 11. f4 Nd7
12. Nxc6 bxc6 13. Qh5 g6 14. Qf3 Bf6 15. Rac1 Rb8 16. Qf2 Bg7 17. c5 Nxc5 18.
Bxc5 dxc5 19. e5 f6 20. exf6 Bxf6 21. Qxc5 Rd8 22. Kh1 Rxd3 23. Ne4 Bg7 24.
Rcd1 Rxd1 25. Rxd1 Rb5 26. Qd6 Qxd6 27. Nxd6 Rb8 28. Nc4 Bf6 29. Rd6 c5 30. Nb6
Be7 31. Rc6 Bb7 32. Rxe6 Kf7 33. Re2 Bxg2+ 0-1

[Event "CRO Ch women"]
[Site "Djurdjevac"]
[Date "2020.09.05"]
[Round "6.4"]
[White "Cvitan, Ena"]
[Black "Smetisko, Lucija"]
[Result "1-0"]
[WhiteElo "2242"]
[BlackElo "1550"]
[PlyCount "55"]
[EventDate "2020.09.01"]
[EventType "swiss"]
[EventRounds "9"]
[EventCountry "CRO"]
[WhiteClock "1:28:00"]
[BlackClock "1:30:00"]

{[%evp 0,55,16,8,107,17,22,55,14,-2,43,-20,40,-19,2,-41,-60,-58,-67,-93,-79,
-111,-75,-113,-120,-99,-71,-88,-6,-1,151,82,223,182,232,184,184,65,145,120,205,
199,155,105,127,46,7,7,109,51,176,81,242,272,631,578,669,669]} 1. d4 f5 2. e4
fxe4 3. Nc3 Nf6 4. Bg5 g6 5. Qd2 Bg7 6. Bxf6 exf6 7. Nxe4 O-O 8. O-O-O d5 9.
Ng3 Nc6 10. c3 a5 11. h4 a4 12. h5 a3 13. b3 b6 14. Bd3 Kf7 15. N1e2 Ba6 16.
hxg6+ hxg6 17. Nf4 Bxd3 18. Qxd3 Ne7 19. Rde1 Rh8 20. Rxh8 Bxh8 21. Kd2 Qd6 22.
Rxe7+ Kxe7 23. Nxg6+ Kf7 24. Qf5 Kg8 25. Qh5 Bg7 26. Nf5 Qd8 27. Nge7+ Kf8 28.
Qg6 1-0

[Event "CRO Ch women"]
[Site "Djurdjevac"]
[Date "2020.09.05"]
[Round "6.5"]
[White "Purkic, Ruza"]
[Black "Blazeka, Mihaela"]
[Result "0-1"]
[WhiteElo "1474"]
[BlackElo "2027"]
[PlyCount "58"]
[EventDate "2020.09.01"]
[EventType "swiss"]
[EventRounds "9"]
[EventCountry "CRO"]
[WhiteClock "1:30:00"]
[BlackClock "1:30:00"]

{[%evp 0,58,16,16,79,58,102,102,89,91,135,132,151,114,122,113,109,61,116,46,79,
46,67,54,71,67,34,7,10,-25,-6,-9,8,-23,1,-36,-163,-228,-74,-255,-295,-463,-491,
-491,-457,-519,-496,-592,-820,-921,-1039,-1039,-979,-29989,-1664,-29997,-1846,
-29997,-29998,-29999,-30000]} 1. e4 c5 2. Nf3 d6 3. d4 cxd4 4. Nxd4 g6 5. Nc3
Bg7 6. Be3 Bd7 7. Bc4 Nc6 8. Qd2 Ne5 9. Be2 Qc8 10. f3 Nc4 11. Bxc4 Qxc4 12.
Nde2 Nf6 13. g4 O-O 14. Bh6 Bxh6 15. Qxh6 b5 16. g5 Nh5 17. Ng3 Nf4 18. O-O-O
Rac8 19. Rd2 b4 20. Nd5 Nxd5 21. exd5 Qxa2 22. Kd1 Qxb2 23. Qh4 Bb5 24. c4 Qb3+
25. Ke1 Rxc4 26. Qh3 Qxf3 27. Rd1 Qe3+ 28. Kf1 Rf4+ 29. Kg2 Qf2# 0-1

[Event "CRO Ch women"]
[Site "Djurdjevac"]
[Date "2020.09.05"]
[Round "6.6"]
[White "Dejanovic, Tereza"]
[Black "Kovac, Petra"]
[Result "1-0"]
[WhiteElo "1792"]
[BlackElo "1371"]
[PlyCount "43"]
[EventDate "2020.09.01"]
[EventType "swiss"]
[EventRounds "9"]
[EventCountry "CRO"]
[WhiteClock "1:30:00"]
[BlackClock "1:30:00"]

{[%evp 0,43,15,15,51,50,61,-17,38,-32,49,17,10,-49,23,-32,7,52,71,-21,-21,-21,
44,44,58,40,60,60,227,91,241,130,130,-10,42,78,107,-29,107,130,150,89,138,197,
215,408]} 1. e4 e5 2. Nf3 Nc6 3. Bb5 Bc5 4. c3 f5 5. Bxc6 bxc6 6. Nxe5 Qh4 7.
O-O fxe4 8. g3 Qf6 9. Qh5+ g6 10. Nxg6 Bxf2+ 11. Rxf2 hxg6 12. Qe2 Qe7 13. d3
exd3 14. Qxd3 Qe1+ 15. Rf1 Qe6 16. Bd2 Ne7 17. Re1 Qf6 18. Be3 Rf8 19. Nd2 Kd8
20. Ne4 Qe6 21. Bg5 Rf7 22. Qd4 1-0

[Event "CRO Ch women"]
[Site "Djurdjevac"]
[Date "2020.09.05"]
[Round "6.7"]
[White "Mihaljevic, Eva"]
[Black "Muha, Magdalena"]
[Result "1/2-1/2"]
[WhiteElo "1492"]
[BlackElo "1771"]
[PlyCount "49"]
[EventDate "2020.09.01"]
[EventType "swiss"]
[EventRounds "9"]
[EventCountry "CRO"]
[WhiteClock "1:30:00"]
[BlackClock "1:30:00"]

{[%evp 0,49,15,13,10,6,41,5,74,-2,10,-2,24,25,33,-7,2,2,63,66,66,66,66,66,71,
39,8,8,15,-31,69,43,31,-79,-74,-82,-68,-68,9,-77,-23,-117,-76,-67,-35,0,0,0,0,
0,0,0]} 1. d4 d5 2. Bf4 Nf6 3. e3 c5 4. c3 Nc6 5. Nd2 Qb6 6. Qb3 c4 7. Qc2 g6
8. e4 Nxe4 9. Nxe4 dxe4 10. Bxc4 Bg7 11. Ne2 O-O 12. Qxe4 Bf5 13. Qe3 Qxb2 14.
O-O Qb6 15. Ng3 e5 16. Bh6 exd4 17. Qg5 Bxh6 18. Qxh6 Ne7 19. Qg5 Rae8 20. Rfe1
Qc5 21. Ne4 Qxc4 22. Nf6+ Kg7 23. Nh5+ Kg8 24. Nf6+ Kg7 25. Nh5+ 1/2-1/2

[Event "CRO Ch women"]
[Site "Djurdjevac"]
[Date "2020.09.05"]
[Round "6.8"]
[White "Smetisko, Marija"]
[Black "Trgovac, Mira"]
[Result "0-1"]
[WhiteElo "1924"]
[BlackElo "1563"]
[PlyCount "60"]
[EventDate "2020.09.01"]
[EventType "swiss"]
[EventRounds "9"]
[EventCountry "CRO"]
[WhiteClock "1:30:00"]
[BlackClock "1:30:00"]

{[%evp 0,60,25,25,44,25,72,18,63,6,36,37,50,-17,67,24,69,5,35,-5,27,9,69,49,46,
17,7,11,11,-55,-55,-71,-48,-126,-122,-130,-130,-151,-149,-152,-134,-134,-129,
-129,-137,-149,-149,-159,-122,-171,-168,-182,-182,-209,-207,-218,-222,-235,
-216,-213,-129,-305,-349]} 1. e4 e6 2. d4 d5 3. exd5 exd5 4. Nc3 Nf6 5. Bg5 Be6
6. Bd3 c6 7. Nge2 Bd6 8. h3 h6 9. Bh4 g5 10. Bg3 Nh5 11. Bxd6 Qxd6 12. g4 Nf4
13. Nxf4 Qxf4 14. Qd2 Qxd4 15. O-O-O Nd7 16. Bf5 Qxd2+ 17. Rxd2 Bxf5 18. gxf5
O-O-O 19. Re1 Rde8 20. Rde2 Kd8 21. Kd2 Rxe2+ 22. Nxe2 Re8 23. Ng3 Ne5 24. Kd1
Nf3 25. Rxe8+ Kxe8 26. Nh5 Ke7 27. c3 Ng1 28. Kd2 Nxh3 29. Ke3 Nf4 30. Ng7 f6
0-1

[Event "CRO Ch women"]
[Site "Djurdjevac"]
[Date "2020.09.05"]
[Round "7.1"]
[White "Saric, Kristina"]
[Black "Vujnovic, Patricija"]
[Result "1/2-1/2"]
[WhiteElo "2218"]
[BlackElo "2098"]
[PlyCount "71"]
[EventDate "2020.09.01"]
[EventType "swiss"]
[EventRounds "9"]
[EventCountry "CRO"]
[WhiteClock "1:30:00"]
[BlackClock "1:30:00"]

{[%evp 0,71,58,32,58,21,46,22,43,20,45,34,34,29,76,75,55,30,40,14,15,20,25,-13,
30,-31,-10,-10,-15,-20,4,-2,1,38,31,-10,133,113,112,104,104,92,81,70,55,53,53,
52,52,46,58,37,43,54,54,21,26,24,53,10,4,-14,17,-49,-22,-29,50,4,32,38,39,18,
16,-40]} 1. e4 e6 2. d4 d5 3. Nc3 Bb4 4. e5 c5 5. a3 Bxc3+ 6. bxc3 Qc7 7. Nf3
Ne7 8. Bd3 c4 9. Be2 Nbc6 10. O-O O-O 11. Re1 Bd7 12. Bf1 f6 13. exf6 Rxf6 14.
Bg5 Rf5 15. Bh4 Raf8 16. Bg3 Qa5 17. Rb1 Rxf3 18. gxf3 b6 19. Bd6 Qxc3 20. Re3
Qa5 21. Bh3 Rf6 22. Bxe7 Nxe7 23. Qe1 Qxe1+ 24. Rbxe1 Kf7 25. f4 Ng6 26. f5
exf5 27. Bg2 Rd6 28. Bf3 Kf6 29. Re5 Nf4 30. h4 Ba4 31. Bd1 Ne6 32. c3 Bd7 33.
Bc2 g6 34. R1e3 b5 35. Rf3 Ng7 36. Re1 1/2-1/2

[Event "CRO Ch women"]
[Site "Djurdjevac"]
[Date "2020.09.05"]
[Round "7.2"]
[White "Radikovic, Anamarija"]
[Black "Berke, Ana"]
[Result "0-1"]
[WhiteElo "1974"]
[BlackElo "2117"]
[PlyCount "64"]
[EventDate "2020.09.01"]
[EventType "swiss"]
[EventRounds "9"]
[EventCountry "CRO"]
[WhiteClock "1:30:00"]
[BlackClock "1:30:00"]

{[%evp 0,64,8,16,26,12,42,1,9,11,31,-4,36,-55,-19,-73,-22,-18,-17,-22,-7,-7,-2,
-9,-5,-40,-30,-3,14,-40,-26,-65,-47,-47,-42,-47,-42,-48,-24,-34,-18,-22,-13,-7,
-8,-51,-34,-39,-21,-21,-10,4,7,-15,-19,-25,-12,-22,-14,-13,-17,-18,-15,-12,-12,
-536,-550]} 1. d4 d5 2. Nf3 e6 3. g3 Nf6 4. Bg2 c5 5. O-O Nc6 6. c4 dxc4 7. Qa4
Bd7 8. Qxc4 Qb6 9. e3 cxd4 10. exd4 Rc8 11. Nc3 Be7 12. Rd1 O-O 13. Qe2 Rfd8
14. Bg5 h6 15. d5 hxg5 16. dxc6 Bxc6 17. Nxg5 Bxg2 18. Kxg2 Qc6+ 19. Qf3 Qxf3+
20. Nxf3 a6 21. Rxd8+ Bxd8 22. Rc1 Nd5 23. Ne2 Rb8 24. Ne5 Bc7 25. Nd7 Rd8 26.
Nc5 Be5 27. b3 b6 28. Ne4 g6 29. Rc6 Kg7 30. h3 Rb8 31. f4 Bb2 32. Rc2 Ne3+ 0-1

[Event "CRO Ch women"]
[Site "Djurdjevac"]
[Date "2020.09.05"]
[Round "7.3"]
[White "Medic, Mirjana"]
[Black "Cvitan, Ena"]
[Result "1/2-1/2"]
[WhiteElo "2207"]
[BlackElo "2242"]
[PlyCount "22"]
[EventDate "2020.09.01"]
[EventType "swiss"]
[EventRounds "9"]
[EventCountry "CRO"]
[WhiteClock "1:30:00"]
[BlackClock "1:30:00"]

{[%evp 0,22,25,25,20,20,26,18,87,-14,17,12,-2,-44,23,-31,-8,-60,-74,-99,-6,-16,
3,3,-12]} 1. d4 d5 2. Nf3 Nf6 3. e3 c5 4. b3 cxd4 5. exd4 Nc6 6. Bb2 Bg4 7. Be2
e6 8. Ne5 Bxe2 9. Qxe2 Qc7 10. O-O Bd6 11. Nd2 O-O 1/2-1/2

[Event "CRO Ch women"]
[Site "Djurdjevac"]
[Date "2020.09.05"]
[Round "7.4"]
[White "Blazeka, Mihaela"]
[Black "Koksa, Jelena"]
[Result "1/2-1/2"]
[WhiteElo "2027"]
[BlackElo "1843"]
[PlyCount "78"]
[EventDate "2020.09.01"]
[EventType "swiss"]
[EventRounds "9"]
[EventCountry "CRO"]
[WhiteClock "1:31:00"]
[BlackClock "1:31:00"]

{[%evp 0,78,22,17,26,26,38,18,28,-15,-18,-52,1,-16,-5,-19,26,26,29,29,39,46,33,
37,38,8,42,58,80,53,59,36,51,33,39,26,7,7,9,18,29,10,13,5,32,33,24,23,46,48,47,
44,53,48,52,45,44,42,12,12,6,4,22,24,3,0,0,0,0,0,0,0,0,0,0,0,0,0,0,0,0]} 1. e4
e5 2. Nf3 Nc6 3. Nc3 Nf6 4. a3 d5 5. Bb5 Nxe4 6. Qe2 Nxc3 7. Qxe5+ Qe7 8. dxc3
Bd7 9. Qxe7+ Bxe7 10. Bf4 O-O-O 11. O-O-O a6 12. Ba4 Be6 13. Bxc6 bxc6 14. Rhe1
Bf6 15. Bg5 Bxg5+ 16. Nxg5 Rde8 17. Nxe6 Rxe6 18. Rxe6 fxe6 19. f4 Rf8 20. g3
c5 21. c4 c6 22. Re1 Kd7 23. Kd2 Rb8 24. b3 Kd6 25. Kd3 a5 26. Re5 g6 27. h4
Rf8 28. h5 Rf5 29. hxg6 hxg6 30. Rxf5 exf5 31. c3 Kc7 32. cxd5 cxd5 33. b4 Kb6
34. bxc5+ Kxc5 35. a4 Kc6 36. Kd4 Kd6 37. c4 dxc4 38. Kxc4 Kc6 39. Kd4 Kd6
1/2-1/2

[Event "CRO Ch women"]
[Site "Djurdjevac"]
[Date "2020.09.05"]
[Round "7.5"]
[White "Trgovac, Mira"]
[Black "Dejanovic, Tereza"]
[Result "1/2-1/2"]
[WhiteElo "1563"]
[BlackElo "1792"]
[PlyCount "86"]
[EventDate "2020.09.01"]
[EventType "swiss"]
[EventRounds "9"]
[EventCountry "CRO"]
[WhiteClock "1:30:00"]
[BlackClock "1:30:00"]

{[%evp 0,86,22,20,41,-17,-4,0,-14,-16,14,8,84,-41,-7,-13,47,52,52,32,46,50,50,
11,55,32,38,38,33,19,34,2,32,-32,-21,-31,-30,-39,-21,-32,24,25,34,34,34,-5,42,
-43,60,54,125,59,132,132,132,66,66,11,52,39,39,45,55,57,60,75,75,75,75,75,95,
95,95,98,92,99,108,100,113,105,119,143,229,172,172,4,3,1,0]} 1. d4 d5 2. c4 e6
3. Nf3 Nf6 4. Nc3 Be7 5. Bg5 h6 6. Bh4 O-O 7. e3 Ne4 8. Bxe7 Qxe7 9. cxd5 Nxc3
10. bxc3 exd5 11. h3 b6 12. Bd3 Bb7 13. O-O Nd7 14. Qc2 c5 15. Bf5 Bc6 16. Bxd7
Bxd7 17. Rfc1 Rac8 18. Qe2 f6 19. c4 cxd4 20. Nxd4 dxc4 21. Rxc4 Rc5 22. Rxc5
Qxc5 23. Qc2 Qe5 24. Rc1 Rc8 25. Qb3+ Kh8 26. Rxc8+ Bxc8 27. Qa3 Qc7 28. Nb5
Qc5 29. Qxc5 bxc5 30. Nxa7 Bd7 31. Kf1 Kg8 32. Ke2 Kf7 33. Kd3 Ke7 34. Kc4 Be6+
35. Kxc5 Bxa2 36. Nc6+ Ke6 37. e4 g5 38. g3 h5 39. f4 h4 40. f5+ Kd7 41. gxh4
gxh4 42. e5 fxe5 43. Nxe5+ Ke7 1/2-1/2

[Event "CRO Ch women"]
[Site "Djurdjevac"]
[Date "2020.09.05"]
[Round "7.6"]
[White "Smetisko, Lucija"]
[Black "Purkic, Ruza"]
[Result "1/2-1/2"]
[WhiteElo "1550"]
[BlackElo "1474"]
[PlyCount "120"]
[EventDate "2020.09.01"]
[EventType "swiss"]
[EventRounds "9"]
[EventCountry "CRO"]
[WhiteClock "1:30:00"]
[BlackClock "1:30:00"]

{[%evp 0,120,34,30,18,4,72,9,26,2,9,19,57,18,56,35,70,110,68,-20,15,-29,28,-4,
4,5,5,5,5,-62,-10,-4,10,47,53,31,96,104,107,125,142,106,166,255,260,271,285,
263,263,251,306,306,306,291,312,278,351,363,465,240,343,237,267,-247,-172,-172,
-128,-170,-170,-84,-84,-116,-116,-105,-100,-102,-109,-100,-109,-132,-152,-150,
-158,-168,-134,-186,-163,-195,-188,-214,-222,-214,-136,-147,-23,-24,-27,-37,48,
32,46,5,6,6,6,0,0,0,0,0,0,0,0,0,0,0,0,0,0,0,0,0,0]} 1. d4 Nf6 2. Bf4 g6 3. c4
c5 4. e3 cxd4 5. exd4 d5 6. Nc3 a6 7. Be5 Bg7 8. Nxd5 O-O 9. Nxf6+ exf6 10. Bf4
Nc6 11. d5 Re8+ 12. Be2 Ne5 13. Qb3 Bf5 14. Be3 Ng4 15. Bxg4 Bxg4 16. h3 Bf5
17. Ne2 Qe7 18. O-O Rac8 19. Ng3 Be4 20. Rfe1 Qd7 21. Bd4 Bf5 22. Nxf5 Qxf5 23.
Rxe8+ Rxe8 24. Qxb7 Qd3 25. Qc6 Rb8 26. Ba7 Rd8 27. Qc7 Re8 28. d6 Ra8 29. Re1
Qd2 30. Re3 Bf8 31. d7 Qd1+ 32. Re1 Qxe1+ 33. Kh2 Qe5+ 34. Qxe5 fxe5 35. Bb6
Be7 36. c5 Bxc5 37. d8=Q+ Rxd8 38. Bxd8 Bxf2 39. g4 f5 40. b4 Kf7 41. a4 Ke8
42. Bc7 Bd4 43. b5 Kd7 44. Ba5 axb5 45. axb5 Kc8 46. Kg3 f4+ 47. Kf3 g5 48. Ke4
h6 49. Bb4 Bb6 50. Bf8 Kb7 51. Bxh6 Bd8 52. Bg7 Kb6 53. Bxe5 Kxb5 54. Bxf4 gxf4
55. Kxf4 Kc6 56. Kf5 Kd7 57. g5 Bxg5 58. Kxg5 Ke7 59. Kg6 Kf8 60. Kh7 Kf7
1/2-1/2

[Event "CRO Ch women"]
[Site "Djurdjevac"]
[Date "2020.09.05"]
[Round "7.7"]
[White "Kovac, Petra"]
[Black "Mihaljevic, Eva"]
[Result "0-1"]
[WhiteElo "1371"]
[BlackElo "1492"]
[PlyCount "102"]
[EventDate "2020.09.01"]
[EventType "swiss"]
[EventRounds "9"]
[EventCountry "CRO"]
[WhiteClock "1:30:00"]
[BlackClock "1:30:00"]

{[%evp 0,102,18,0,36,28,31,18,5,9,9,3,3,-14,-6,-9,-9,-9,-9,-22,-22,-34,-3,-47,
46,22,7,4,-28,-14,17,10,-3,-128,-98,-98,-89,-102,-114,-126,-86,-135,-124,-110,
-79,-106,-93,-130,-202,-153,-139,-251,-245,-248,-250,-388,-388,-388,-426,-428,
-430,-431,-357,-357,-356,-365,-370,-355,-302,-302,-303,-338,-341,-353,-308,
-375,-359,-368,-354,-337,-323,-391,-330,-371,-349,-371,-364,-359,-360,-350,
-351,-349,-342,-371,-340,-340,-246,-277,-266,-272,-296,-293,-279,-336,-362]} 1.
e4 e6 2. d4 d5 3. Nd2 Nf6 4. e5 Nfd7 5. Ngf3 c5 6. c3 Nc6 7. Bd3 Qb6 8. Qb3
Qxb3 9. axb3 cxd4 10. cxd4 f6 11. Bb5 Nb4 12. O-O a6 13. exf6 gxf6 14. Nb1 Bd6
15. Nc3 Rb8 16. Re1 Kf7 17. Bxd7 Bxd7 18. Re2 Rhg8 19. Bd2 Rg4 20. Rc1 Rbg8 21.
g3 h5 22. h3 R4g7 23. Na4 Bb5 24. Re3 Nd3 25. Nc3 Nxc1 26. Nxb5 Bf4 27. Bxc1
Bxe3 28. Bxe3 axb5 29. Bd2 Re8 30. Bc3 b4 31. Bxb4 e5 32. Bc3 e4 33. Nh4 Ke6
34. Ng2 Kd6 35. Ne3 Kc6 36. h4 b5 37. b4 Ra8 38. Kf1 Re8 39. Ke2 Rgg8 40. Kf1
Rgf8 41. Nf5 Rf7 42. Nh6 Rh7 43. Nf5 Kd7 44. Ke2 Ke6 45. Ne3 Rf8 46. Kd2 f5 47.
Ng2 f4 48. Nxf4+ Rxf4 49. gxf4 Kf5 50. Ke3 Kg4 51. Be1 Rf7 0-1

[Event "CRO Ch women"]
[Site "Djurdjevac"]
[Date "2020.09.05"]
[Round "7.8"]
[White "Muha, Magdalena"]
[Black "Smetisko, Marija"]
[Result "1-0"]
[WhiteElo "1771"]
[BlackElo "1924"]
[PlyCount "63"]
[EventDate "2020.09.01"]
[EventType "swiss"]
[EventRounds "9"]
[EventCountry "CRO"]
[WhiteClock "1:30:00"]
[BlackClock "1:30:00"]

{[%evp 0,63,18,18,24,-29,48,56,63,58,58,56,56,69,64,74,87,48,48,39,44,-3,54,54,
82,42,91,62,64,55,56,40,35,1,19,33,51,51,58,86,130,42,187,8,18,45,114,66,73,66,
121,101,101,76,99,38,95,62,139,183,262,267,267,267,533,561]} 1. d4 Nf6 2. c4 g6
3. Nc3 d5 4. cxd5 Nxd5 5. e4 Nxc3 6. bxc3 Bg7 7. Bc4 c5 8. Ne2 Nc6 9. Be3 O-O
10. O-O Bg4 11. f3 Bd7 12. Qd2 Qc7 13. Rac1 Na5 14. Bd3 c4 15. Bb1 Rfd8 16. f4
e6 17. f5 exf5 18. exf5 Nc6 19. Bh6 Qd6 20. Rf3 Ne5 21. Rg3 Nd3 22. Rf1 Bf6 23.
Bxd3 cxd3 24. Qxd3 Kh8 25. fxg6 fxg6 26. Rgf3 Bf5 27. Qe3 Re8 28. Qd2 Rad8 29.
Ng3 Qb6 30. Nxf5 gxf5 31. Rxf5 Bxd4+ 32. cxd4 1-0